[Event "Super GM"]
[Site "Sofia BUL"]
[Date "2009.05.20"]
[Round "7"]
[White "Topalov, V."]
[Black "Shirov, A."]
[Result "1/2-1/2"]
[WhiteElo "2812"]
[BlackElo "2745"]
[PlyCount "59"]
[EventDate "2009.05.13"]

1. d4 d5 2. c4 c6 3. Nf3 Nf6 4. Nc3 e6 5. Bg5 dxc4 6. e4 b5 7. e5 h6 8. Bh4 g5
9. Nxg5 hxg5 10. Bxg5 Nbd7 11. exf6 Bb7 12. g3 c5 13. d5 Qb6 14. Bg2 O-O-O 15.
O-O b4 16. Na4 Qb5 17. a3 exd5 18. axb4 cxb4 19. Re1 d4 20. Qxd4 Bxg2 21. Kxg2
Qxg5 22. Qxc4+ Kb8 23. Rac1 Bd6 24. Qc6 Qd2 25. Kg1 Rxh2 26. Re2 Qd3 27. Re3
Qd2 28. Re2 Qd3 29. Re3 Qd2 30. Re2 1/2-1/2

[Event "Super GM"]
[Site "Sofia BUL"]
[Date "2009.05.21"]
[Round "8"]
[White "Dominguez Perez, L."]
[Black "Topalov, V."]
[Result "1/2-1/2"]
[WhiteElo "2717"]
[BlackElo "2812"]
[PlyCount "82"]
[EventDate "2009.05.13"]

1. e4 c5 2. Nf3 d6 3. d4 cxd4 4. Nxd4 Nf6 5. Nc3 a6 6. h3 e6 7. g4 Be7 8. Bg2
Nfd7 9. Be3 Nc6 10. Qd2 Nde5 11. b3 Nxd4 12. Bxd4 O-O 13. O-O-O b5 14. Ne2 Bb7
15. f4 Ng6 16. Rhf1 e5 17. Be3 exf4 18. Nxf4 Ne5 19. Kb1 Rc8 20. Nd5 Bxd5 21.
exd5 Bh4 22. g5 Re8 23. Bf3 g6 24. Bg4 Rc7 25. Bb6 Qb8 26. Bxc7 Qxc7 27. Be2
Qd8 28. Rg1 Qb6 29. Qf4 Bf2 30. Rg2 Be3 31. Qe4 Re7 32. Qb4 Rc7 33. h4 Bc5 34.
Qe4 Qa5 35. Rg3 Bf2 36. Rh3 h5 37. gxh6 f5 38. Qf4 Rxc2 39. Kxc2 Qxa2+ 40. Kc1
Qa1+ 41. Kc2 Qa2+ 1/2-1/2

[Event "Super GM"]
[Site "Sofia BUL"]
[Date "2009.05.23"]
[Round "10"]
[White "Wang Yue"]
[Black "Topalov, V."]
[Result "1/2-1/2"]
[WhiteElo "2738"]
[BlackElo "2812"]
[PlyCount "66"]
[EventDate "2009.05.13"]

1. d4 Nf6 2. c4 g6 3. Nc3 d5 4. Bf4 Bg7 5. e3 c5 6. dxc5 Qa5 7. Rc1 dxc4 8.
Bxc4 O-O 9. Nge2 Qxc5 10. Qb3 Nc6 11. Nb5 Qh5 12. Ng3 Qh4 13. Nc7 e5 14. Bg5
Qxg5 15. h4 Qg4 16. Nxa8 Qd7 17. Rd1 Qe7 18. Qa3 Nb4 19. O-O Bg4 20. f3 Bh6 21.
fxg4 Nxg4 22. Rxf7 Rxf7 23. Nf1 Kg7 24. Bxf7 Qxf7 25. Qxb4 Qf2+ 26. Kh1 Qxh4+
27. Kg1 Qf2+ 28. Kh1 Qh4+ 29. Kg1 Bxe3+ 30. Nxe3 Qf2+ 31. Kh1 Qh4+ 32. Kg1 Qf2+
33. Kh1 Qh4+ 1/2-1/2